000 00494nam a2200193Ia 4500
008 210719s2020 xx 000 0 und d
020 _a978-93-86418-89-0
041 _aeng
082 _a664 SRIF
100 _aSRILAKSHMI (B)
245 _aFood science Ed 7
250 _a7
260 _aNew Delhi
_bNew Age International Publishers (P) Ltd.,
_c2020
300 _axvii,494
_bPB
365 _b450
_cRs
650 _aFood
650 _aFood Technology
906 _a7 ; Ed ; Food ; science
999 _c212092
_d212092